00317nam a22001097a 4500082001500000100002900015245004000044260005100084300002700135526003700162650000800199 a625.8bSTA aIndian Research council, aState of the art: surface dressing/ aNew Delhi:bIRC Highway Research Board,cc1986 av, 112p,;bill,:c22cm a0b0c0d625_800000000000000_STA aMCE